000 00522nam a2200169 i 4500
001 80961
003 ES-MaACL
005 20230906174334.0
007 t|
008 041102s1962 sp ||||1| spa d
100 1 _aHowell, Benjamín F.
_964401
245 1 0 _aIntroducción a la Geofísica /
_cBenjamín F. Howell ; traducción por Juan B. Vericat Raca.
260 _aBarcelona :
_bOmega,
_c[1962]
300 _a435 p. :
_bil. ;
_c23 cm.
700 1 _aVericat Raga, Juan B.
_9114134
852 _aES-MaACL
_jF-1131
_bR.50129
999 _c80961
_d80961